000
00233 a2200097 4500
001
30491
100
_a
Martin
245
_a
The logic and Rhetoric of Exposition
260
_a
New york
_b
Rinehart and Company
_c
090
_c
20425
_d
20425
942
_a
NUST-CAE
_c
M
_c
11587
999
_c
265564
_d
265564